| 000 | 00432nab a2200145Ia 4500 | ||
|---|---|---|---|
| 003 | ES-SlBCS | ||
| 005 | 20210601135704.0 | ||
| 008 | 140529s1996 xxu||||| |||| 00| 0 spa d | ||
| 041 | _aspa | ||
| 100 | 1 |
_aOsipov, Aleksej I. _9235393 |
|
| 245 | 0 | 0 |
_aLas concepciones teológicas de los eslavófilos _c Aleksej I. Osipov |
| 650 | 0 | 4 |
_aTeología Eslava _9235394 |
| 773 | 0 |
_tConcilium _gnº. 268, 1996, págs. 49-66 _wRev134 |
|
| 942 | _cAR | ||
| 999 |
_c632305 _d632305 |
||